00686nam a2200229 a 4500001001300000003000900013005001700022008004100039020000900080082001800089100001700107245003600124260005700160300000900217500003500226650001500261700001700276902000800293942000700301952013100308999001700439nice12345678IN_TiNIC20260116015320.0071005s1983 mala grp 000 0 eng  ac4500a297.0955bALG aAlgar, Hamid aRoots of the Islamic Revolution aMalappuram, Kerala bIslamic Foundation Press c1983 a136p aincludes index and biblioraphy aIslam-Iran1 aAlgar, Hamid bSRS cBK 001040708StackRoom-aHMIbHMId2007-10-05g45.00l1o297.0955 ALGp11001828r2019-02-27s2019-02-19v45.00w2007-10-05yBK c19204d19204